[Event "Stuttgart-chA int"]
[Site "Ditzingen"]
[Date "2010.05.15"]
[Round "6"]
[White "Pietzka, Martin"]
[Black "Janata, Andreas"]
[Result "0-1"]
[WhiteElo "1860"]
[BlackElo "2002"]
[PlyCount "84"]
[EventDate "2010.05.13"]
[EventType "swiss"]
[EventRounds "7"]
[EventCountry "GER"]
[SourceTitle "EXT 2018"]
[Source "ChessBase"]
[SourceDate "2017.10.13"]
[SourceVersion "1"]
[SourceVersionDate "2017.10.13"]
[SourceQuality "1"]

1. e4 e6 2. d4 d5 3. Nd2 c5 4. c3 cxd4 5. cxd4 dxe4 6. Nxe4 Nc6 7. Nf3 Be7 8. a3 Nf6 9. Nc3 0-0 10. Be2 a6 11. 0-0 b5 12. Be3 Bb7 13. Rc1 Nd5 14. Nxd5 Qxd5 15. Bd3 Rac8 16. Qd2 Rfd8 17. Rfd1 g6 18. Bf1 Bf6 19. Rc5 Qd7 20. Kh1 Ne7 21. Ne5 Qd6 22. Rxc8 Rxc8 23. Ng4 Bg7 24. Bf4 Qc6 25. f3 Qc2 26. Be5 Nf5 27. Bxg7 Kxg7 28. Qxc2 Rxc2 29. Bd3 Rxb2 30. Bxf5 gxf5 31. Ne5 Ra2 32. h4 f6 33. Nd7 Rxa3 34. Rc1 Bd5 35. Rc7 b4 36. Ne5+ Kf8 37. Nd7+ Ke7 38. Ra7 b3 39. Nc5+ Kd6 40. Rd7+ Kc6 41. Rb7 e5 42. Rxh7 b2 0-1

[Event "Stuttgart-chA int"]
[Site "Ditzingen"]
[Date "2010.05.13"]
[Round "2"]
[White "Guenthner, Arthur"]
[Black "Janata, Andreas"]
[Result "1/2-1/2"]
[WhiteElo "1897"]
[BlackElo "2002"]
[PlyCount "65"]
[EventDate "2010.05.13"]
[EventType "swiss"]
[EventRounds "7"]
[EventCountry "GER"]
[SourceTitle "EXT 2018"]
[Source "ChessBase"]
[SourceDate "2017.10.13"]
[SourceVersion "1"]
[SourceVersionDate "2017.10.13"]
[SourceQuality "1"]

1. d4 Nf6 2. c4 c5 3. d5 b5 4. cxb5 a6 5. b6 e6 6. Nc3 exd5 7. Nxd5 Nxd5 8. Qxd5 Nc6 9. e4 Be7 10. Bc4 0-0 11. Nf3 Rb8 12. 0-0 Rxb6 13. Ng5 Bxg5 14. Bxg5 Qc7 15. Qxc5 Rxb2 16. Rab1 d6 17. Qa3 Rxb1 18. Rxb1 Nd4 19. Bd5 h6 20. Be3 Qc2 21. Re1 Nb5 22. Qb4 Qc3 23. Rb1 Be6 24. Rc1 Qa3 25. Qb3 Qxb3 26. axb3 Rc8 27. Rxc8+ Bxc8 28. f3 Be6 29. Bb7 Bxb3 30. Bxa6 Nc7 31. Bb7 Kf8 32. Kf2 Ke7 33. Bc6 1/2-1/2

[Event "Stuttgart-chA int"]
[Site "Ditzingen"]
[Date "2009.05.21"]
[Round "2"]
[White "Janata, Andreas"]
[Black "Raupp, Thomas"]
[Result "0-1"]
[WhiteElo "2010"]
[BlackElo "2311"]
[PlyCount "88"]
[EventDate "2009.05.21"]
[EventType "swiss"]
[EventRounds "7"]
[EventCountry "GER"]
[SourceTitle "EXT 2018"]
[Source "ChessBase"]
[SourceDate "2017.10.13"]
[SourceVersion "1"]
[SourceVersionDate "2017.10.13"]
[SourceQuality "1"]

1. d4 Nf6 2. c4 c5 3. d5 e5 4. Nc3 d6 5. e4 Nbd7 6. Nf3 Be7 7. Bd3 0-0 8. h3 Ne8 9. g4 a6 10. Be3 Rb8 11. Qe2 Nc7 12. Nd2 Bg5 13. f3 Bxe3 14. Qxe3 b5 15. h4 Nf6 16. Ne2 bxc4 17. Nxc4 Nb5 18. Nd2 Nd4 19. b3 a5 20. h5 Bd7 21. g5 Ne8 22. f4 f6 23. gxf6 Qxf6 24. f5 Nxf5 25. exf5 e4 26. Rc1 exd3 27. Qxd3 Bxf5 28. Qc3 Nc7 29. Nc4 Nxd5 30. Qxf6 Rxf6 31. Rf1 Nb4 32. Rd1 Nc2+ 33. Kd2 d5 34. Nxa5 Ra8 35. Nb7 Rxa2 36. Nc3 Rb2 37. Nxc5 Nb4+ 38. Ke3 Nc2+ 39. Kd2 d4 40. N3e4 Ne3+ 41. Kc1 Rc2+ 42. Kb1 Rxc5 43. Rxf5 Rfxf5 44. Rxd4 Rcd5 0-1

[Event "Oberliga Wuerttemberg 0708"]
[Site "Wuerttemberg"]
[Date "2008.03.09"]
[Round "7.8"]
[White "Janata, Andreas"]
[Black "Laske, Matthias"]
[Result "1-0"]
[WhiteElo "1979"]
[BlackElo "2194"]
[PlyCount "125"]
[EventDate "2007.10.07"]
[EventType "team-tourn"]
[EventRounds "9"]
[EventCountry "GER"]
[SourceTitle "EXT 2018"]
[Source "ChessBase"]
[SourceDate "2017.10.13"]
[SourceVersion "1"]
[SourceVersionDate "2017.10.13"]
[SourceQuality "1"]
[WhiteTeam "Rommelshausen"]
[BlackTeam "Ulm Post"]
[WhiteTeamCountry "GER"]
[BlackTeamCountry "GER"]

1. d4 Nf6 2. c4 e6 3. Nc3 Bb4 4. Qc2 Nc6 5. Nf3 d5 6. a3 Bxc3+ 7. Qxc3 Ne4 8. Qc2 e5 9. cxd5 Qxd5 10. dxe5 Bf5 11. Qd3 Qa5+ 12. Bd2 Nxd2 13. Qxd2 Qxd2+ 14. Kxd2 0-0-0+ 15. Kc3 Rhe8 16. e3 Nxe5 17. Be2 Nxf3 18. gxf3 Re6 19. Bc4 Rc6 20. Kb3 Rd2 21. Bxf7 Rb6+ 22. Kc3 Rc2+ 23. Kd4 Rd6+ 24. Ke5 Rc5+ 25. Kf4 Rf6 26. Ba2 Bd3+ 27. Kg4 Be2 28. Rhg1 Rxf3 29. Kh4 g6 30. Rg5 Rxg5 31. Kxg5 Rxf2 32. Be6+ Kd8 33. h4 Ke7 34. Bc8 b6 35. b4 Rf8 36. Re1 h6+ 37. Kxh6 Kf6 38. Kh7 Bd3 39. Rd1 Be4 40. Rf1+ Ke7 41. Rxf8 Kxf8 42. Kh6 c5 43. bxc5 bxc5 44. Ba6 Kf7 45. Kg5 Bc2 46. Bc4+ Ke7 47. Kf4 Kd6 48. e4 Ke7 49. Ke5 Bb1 50. Kd5 Bc2 51. e5 Bf5 52. Kxc5 Be4 53. Bd5 Bd3 54. a4 Kd7 55. a5 Bc2 56. Kb5 Kc7 57. Ka6 Kb8 58. Bc4 Be4 59. e6 Bb7+ 60. Kb5 Kc7 61. Kc5 Be4 62. Kd4 Bc2 63. Ke5 1-0

[Event "Stuttgart-chA int"]
[Site "Ditzingen"]
[Date "2006.05.28"]
[Round "7"]
[White "Scheeff, Volker"]
[Black "Janata, Andreas"]
[Result "1-0"]
[WhiteElo "2161"]
[BlackElo "1998"]
[PlyCount "55"]
[EventDate "2006.05.25"]
[EventType "swiss"]
[EventRounds "7"]
[EventCountry "GER"]
[SourceTitle "EXT 2018"]
[Source "ChessBase"]
[SourceDate "2017.10.13"]
[SourceVersion "1"]
[SourceVersionDate "2017.10.13"]
[SourceQuality "1"]

1. e4 e6 2. d4 d5 3. e5 c5 4. c3 Bd7 5. Nf3 Qb6 6. a3 Ne7 7. dxc5 Qxc5 8. Bd3 Bb5 9. Be3 d4 10. cxd4 Qc6 11. Nc3 Bxd3 12. Qxd3 Nd5 13. Rc1 Be7 14. Nxd5 Qxd5 15. Rc8+ Bd8 16. 0-0 0-0 17. Rfc1 b6 18. Bg5 Nd7 19. Bxd8 Rxd8 20. Rxa8 Rxa8 21. Ng5 Nf8 22. Ne4 Rd8 23. Nd6 Ng6 24. Qe3 Nh4 25. Qg5 f6 26. Qxh4 g5 27. Qh5 Rf8 28. Rc7 1-0

[Event "Stuttgart-chA int"]
[Site "Ditzingen"]
[Date "2005.05.05"]
[Round "1"]
[White "Janata, Andreas"]
[Black "Kabisch, Thilo"]
[Result "0-1"]
[WhiteElo "2018"]
[BlackElo "2262"]
[PlyCount "142"]
[EventDate "2005.05.05"]
[EventType "swiss"]
[EventRounds "7"]
[EventCountry "GER"]
[SourceTitle "EXT 2018"]
[Source "ChessBase"]
[SourceDate "2017.10.13"]
[SourceVersion "1"]
[SourceVersionDate "2017.10.13"]
[SourceQuality "1"]

1. d4 Nf6 2. c4 g6 3. Nc3 Bg7 4. e4 d6 5. Nf3 0-0 6. Be2 e5 7. 0-0 Nc6 8. d5 Ne7 9. Bg5 h6 10. Bxf6 Bxf6 11. b4 Bg7 12. Nd2 f5 13. f3 Bf6 14. c5 g5 15. Nc4 Ng6 16. cxd6 cxd6 17. Rc1 Be7 18. exf5 Bxf5 19. Bd3 Rc8 20. Bxf5 Rxf5 21. Qd3 Qd7 22. Ne3 Rf6 23. Ne4 Rff8 24. Nxg5 Bxg5 25. Qxg6+ Kh8 26. Qd3 Qh7 27. Qxh7+ Kxh7 28. Kf2 Kg6 29. Ke2 h5 30. Kd3 h4 31. Rxc8 Rxc8 32. Nc4 Be7 33. Rc1 Rf8 34. Nd2 Bg5 35. Rc7 Rf4 36. Rc4 Rf7 37. Rg4 Kh5 38. Ne4 Bf4 39. g3 Bxg3 40. Nxg3+ hxg3 41. Rxg3 Rf4 42. Kc3 b5 43. a3 Kh6 44. Kd3 Rh4 45. Rg2 Rd4+ 46. Ke3 Rxd5 47. Rg8 Rd1 48. Ra8 Kg5 49. Rxa7 d5 50. Ra5 d4+ 51. Ke2 Ra1 52. Rxb5 Ra2+ 53. Kd1 Kf4 54. h4 Rxa3 55. Rb8 Kxf3 56. h5 e4 57. h6 Ra1+ 58. Kd2 Ra2+ 59. Kc1 Rh2 60. Rf8+ Ke2 61. Rf4 Kd3 62. Rf6 Kc3 63. Kb1 e3 64. b5 Rb2+ 65. Kc1 Rxb5 66. h7 Rh5 67. Rc6+ Kd3 68. Rc7 Rh1+ 69. Kb2 e2 70. Re7 Kd2 71. Re4 d3 0-1

[Event "Stuttgart-chA"]
[Site "Stuttgart"]
[Date "2003.??.??"]
[Round "?"]
[White "Stein, Carsten"]
[Black "Janata, Andreas"]
[Result "1-0"]
[WhiteElo "1860"]
[BlackElo "2045"]
[PlyCount "79"]
[EventDate "2003.??.??"]
[EventType "swiss"]
[EventRounds "9"]
[EventCountry "GER"]
[SourceTitle "EXT 2007"]
[Source "ChessBase"]
[SourceDate "2006.11.23"]
[SourceVersion "1"]
[SourceVersionDate "2006.11.23"]
[SourceQuality "1"]

1. e4 e6 2. d4 d5 3. exd5 exd5 4. Nf3 Bd6 5. Bd3 Ne7 6. 0-0 0-0 7. Bg5 f6 8. Bh4 Bf5 9. c4 c6 10. Nc3 Qd7 11. Bg3 Bxg3 12. fxg3 Bxd3 13. Qxd3 Na6 14. a3 Nc7 15. c5 Ng6 16. Rae1 Rfe8 17. Rxe8+ Rxe8 18. Re1 Rxe1+ 19. Nxe1 f5 20. Qe3 Ne8 21. Nd3 Nf6 22. Nf4 Nxf4 23. gxf4 Kf7 24. h3 Ne4 25. Nxe4 dxe4 26. Kf2 Qe6 27. b3 Kf6 28. Qc3 Qd5 29. g4 g5 30. Kg3 gxf4+ 31. Kxf4 fxg4 32. hxg4 Qg5+ 33. Kg3 Ke6 34. Qc4+ Kf6 35. Qf1+ Ke6 36. Qc4+ Ke7 37. Qe2 Qd5 38. Qe3 Kd8 39. Kf4 a5 40. b4 1-0